000 00870nam a22002777a 4500
001 BR7805918
003 BR-BrBNA
005 20230928085726.0
007 ta
008 230509b bl.||||| |||| 00| 0 por d
040 _aBR-BrBNA
_bpor
_cBiblioteca Nacional de Agricultura
041 _a(Por)
072 _aQ10
_b9910
090 _ 9910 BR7805918
100 1 _aAraujo Neto, J.F. de
110 1 _aInstituto Brasileiro do Cafe, Rio de Janeiro, RJ
245 1 _aA capacidade produtiva da industria de torrefacao e moagem de cafe. Fatores que influenciam na sua formacao
260 3 _aRio de Janeiro, RJ (Brasil):
_c1978.
300 _a21 p.
500 _a(*) Documento disponível no(a) Instituto Brasileiro do Cafe, Rio de Janeiro, RJ
650 _aCAFE
650 _aMOAGEM
650 _aTORREFACAO
909 _a202309
_bLucia
_c55
_dLucia Elande
942 _cBK
999 _c26000
_d26000